书目信息 |
| 题名: |
电视媒体广告经营
|
|
| 作者: | 夏洪波 洪艳 著 | |
| 分册: | ||
| 出版信息: | 北京 北京大学出版社 2004.07 |
|
| 页数: | 326页 | |
| 开本: | 20cm | |
| 丛书名: | ||
| 单 册: | ||
| 中图分类: | F713.8 | |
| 科图分类: | ||
| 主题词: | ||
| 电子资源: | ||
| ISBN: | 7-301-06639-2 | |
| 000 | 00555nam0 2200181 450 | |
| 001 | 0557172990 | |
| 005 | 20050620162450.98 | |
| 010 | @a7-301-06639-2@dCNY 34.00 | |
| 100 | @a20050603d2004 km y0chiy0120 ea | |
| 101 | 0 | @achi |
| 102 | @aCN@b110000 | |
| 200 | 1 | @a电视媒体广告经营@Adian shi mei ti guang gao jing ying@f夏洪波 洪艳著@Fxia hong bo hong yan zhu |
| 210 | @a北京@c北京大学出版社@d2004.07 | |
| 215 | @a326页@d20cm | |
| 690 | @aF713.8@v4 | |
| 701 | 0 | @a夏洪波 洪艳@Axia hong bo hong yan@4著 |
| 801 | 0 | @aCN@bPFT@c20050620 |
| 905 | @a10447@dF713.8@eX182 | |
| 电视媒体广告经营/夏洪波 洪艳著.-北京:北京大学出版社,2004.07 |
| 326页;20cm |
| ISBN 7-301-06639-2:CNY 34.00 |
| ● |
| 相关链接 |
|
|
|
正题名:电视媒体广告经营
索取号:F713.8/X182
 
预约/预借
| 序号 | 登录号 | 条形码 | 馆藏地/架位号 | 状态 | 备注 |
| 1 | 535295 | 205352955 | 社科库409/409社科库 44排5列3层/ [索取号:F713.8/X182] | 在馆 | |
| 2 | 535296 | 205352964 | 社科库409/409社科库 44排5列3层/ [索取号:F713.8/X182] | 在馆 | |
| 3 | 535297 | 205352973 | 社科库409/409社科库 44排5列3层/ [索取号:F713.8/X182] | 在馆 |